000 00259pam a2200145 a 4500
020 _c
041 _h
100 _aLaeeq Futehally
245 _aThis Earth of Ours
250 _aIst
260 _c1991
300 _a61
653 _aStory
930 _a21
999 _c245874
_d245874